| 000 | 00844nam a2200241Ia 4500 | ||
|---|---|---|---|
| 003 | GCL | ||
| 008 | 140319s9999 xx 000 0 ara d | ||
| 040 |
_aGCL / _cGCL |
||
| 082 | 0 | 4 |
_a025 _bز ا |
| 100 | 1 | _aزين الدين محمد عبد الهادى | |
| 245 | 1 | 0 |
_aالانظمة الالية فى المكتبات / _cزين الدين محمد عبد الهادى |
| 260 |
_aالقاهرة : _bالمكتبة الاكاديمية ، _c1995 |
||
| 300 |
_a369 ص ؛ _c22سم |
||
| 490 | _a | ||
| 650 | 0 | 4 | _aالاعارة |
| 650 | 0 | 4 | _aمركز المعلومات |
| 650 | 0 | 4 | _aبرامج الحاسبات الالكترونية |
| 650 | 0 | 4 | _aالفهرس الالكترونى |
| 650 | 0 | 4 | _aخدمات المعلومات |
| 650 | 0 | 4 | _aالمكتبات، علم |
| 650 | 0 | 4 | _aالتزويد ( مكتبات ) |
| 942 |
_2ddc _cBK |
||
| 999 |
_c37051 _d37051 |
||